|
|
|
|
| LEADER |
31324nas a2203565Iaa4500 |
| 001 |
S448 |
| 008 |
170806c99999999xx |||p|||||||| ||und|| |
| 037 |
|
|
|b T C 28/481, Kaithamukku, TVPM
|c Subscription
|
| 245 |
|
|
|a Kerala Kaumudi
|
| 260 |
|
|
|b Thanu Agencies
|a Thiruvananthapuram
|
| 300 |
|
|
|a v :
|b Ill.
|c cm.
|
| 310 |
|
|
|a Weekly
|
| 362 |
|
|
|a Began from vol/year 1970
|
| 650 |
|
|
|v Periodicals
|
| 710 |
|
|
|a Thanu Agencies
|
| 866 |
|
|
|a Vol.14(1); 02-01-2010
|
| 942 |
|
|
|c SER
|s 1
|
| 999 |
|
|
|c 183621
|d 183621
|
| 952 |
|
|
|0 0
|1 0
|4 0
|7 0
|9 289680
|a LIB
|b LIB
|d 2017-08-13
|h Vol.14(1); 02-01-2010
|r 2017-08-13
|w 2017-08-13
|y SER
|
| 952 |
|
|
|0 0
|1 0
|4 0
|7 0
|9 289681
|a LIB
|b LIB
|d 2017-08-13
|h Vol.14(2); 09-01-2010
|r 2017-08-13
|w 2017-08-13
|y SER
|
| 952 |
|
|
|0 0
|1 0
|4 0
|7 0
|9 289682
|a LIB
|b LIB
|d 2017-08-13
|h Vol.14(3); 16-01-2010
|r 2017-08-13
|w 2017-08-13
|y SER
|
| 952 |
|
|
|0 0
|1 0
|4 0
|7 0
|9 289683
|a LIB
|b LIB
|d 2017-08-13
|h Vol.14(4); 23-01-2010
|r 2017-08-13
|w 2017-08-13
|y SER
|
| 952 |
|
|
|0 0
|1 0
|4 0
|7 0
|9 289684
|a LIB
|b LIB
|d 2017-08-13
|h Vol.14(5); 30-01-2010
|r 2017-08-13
|w 2017-08-13
|y SER
|
| 952 |
|
|
|0 0
|1 0
|4 0
|7 0
|9 289685
|a LIB
|b LIB
|d 2017-08-13
|h Vol.14(6); 06-02-2010
|r 2017-08-13
|w 2017-08-13
|y SER
|
| 952 |
|
|
|0 0
|1 0
|4 0
|7 0
|9 289686
|a LIB
|b LIB
|d 2017-08-13
|h Vol.14(7); 13-02-2010
|r 2017-08-13
|w 2017-08-13
|y SER
|
| 952 |
|
|
|0 0
|1 0
|4 0
|7 0
|9 289687
|a LIB
|b LIB
|d 2017-08-13
|h Vol.14(8); 20-02-2010
|r 2017-08-13
|w 2017-08-13
|y SER
|
| 952 |
|
|
|0 0
|1 0
|4 0
|7 0
|9 289688
|a LIB
|b LIB
|d 2017-08-13
|h Vol.14(9); 27-02-2010
|r 2017-08-13
|w 2017-08-13
|y SER
|
| 952 |
|
|
|0 0
|1 0
|4 0
|7 0
|9 289689
|a LIB
|b LIB
|d 2017-08-13
|h Vol.14(11); 13-03-2010
|r 2017-08-13
|w 2017-08-13
|y SER
|
| 952 |
|
|
|0 0
|1 0
|4 0
|7 0
|9 289690
|a LIB
|b LIB
|d 2017-08-13
|h Vol.14(12); 20-03-2010
|r 2017-08-13
|w 2017-08-13
|y SER
|
| 952 |
|
|
|0 0
|1 0
|4 0
|7 0
|9 289691
|a LIB
|b LIB
|d 2017-08-13
|h Vol.14(13); 27-03-2010
|r 2017-08-13
|w 2017-08-13
|y SER
|
| 952 |
|
|
|0 0
|1 0
|4 0
|7 0
|9 289692
|a LIB
|b LIB
|d 2017-08-13
|h Vol.14(14); 03-04-2010
|r 2017-08-13
|w 2017-08-13
|y SER
|
| 952 |
|
|
|0 0
|1 0
|4 0
|7 0
|9 289693
|a LIB
|b LIB
|d 2017-08-13
|h Vol.14(15); 10-04-2010
|r 2017-08-13
|w 2017-08-13
|y SER
|
| 952 |
|
|
|0 0
|1 0
|4 0
|7 0
|9 289694
|a LIB
|b LIB
|d 2017-08-13
|h Vol.14(16); 17-04-2010
|r 2017-08-13
|w 2017-08-13
|y SER
|
| 952 |
|
|
|0 0
|1 0
|4 0
|7 0
|9 289695
|a LIB
|b LIB
|d 2017-08-13
|h Vol.14(17); 24-04-2010
|r 2017-08-13
|w 2017-08-13
|y SER
|
| 952 |
|
|
|0 0
|1 0
|4 0
|7 0
|9 289696
|a LIB
|b LIB
|d 2017-08-13
|h Vol.14(18); 01-05-2010
|r 2017-08-13
|w 2017-08-13
|y SER
|
| 952 |
|
|
|0 0
|1 0
|4 0
|7 0
|9 289697
|a LIB
|b LIB
|d 2017-08-13
|h Vol.14(20); 15-05-2010
|r 2017-08-13
|w 2017-08-13
|y SER
|
| 952 |
|
|
|0 0
|1 0
|4 0
|7 0
|9 289698
|a LIB
|b LIB
|d 2017-08-13
|h Vol.14(22); 29-05-2010
|r 2017-08-13
|w 2017-08-13
|y SER
|
| 952 |
|
|
|0 0
|1 0
|4 0
|7 0
|9 289699
|a LIB
|b LIB
|d 2017-08-13
|h Vol.14(25); 18-06-2010
|r 2017-08-13
|w 2017-08-13
|y SER
|
| 952 |
|
|
|0 0
|1 0
|4 0
|7 0
|9 289700
|a LIB
|b LIB
|d 2017-08-13
|h Vol.14(24); 11-06-2010
|r 2017-08-13
|w 2017-08-13
|y SER
|
| 952 |
|
|
|0 0
|1 0
|4 0
|7 0
|9 289701
|a LIB
|b LIB
|d 2017-08-13
|h Vol.14(26); 25-06-2010
|r 2017-08-13
|w 2017-08-13
|y SER
|
| 952 |
|
|
|0 0
|1 0
|4 0
|7 0
|9 289702
|a LIB
|b LIB
|d 2017-08-13
|h Vol.14(29); 16-07-2010
|r 2017-08-13
|w 2017-08-13
|y SER
|
| 952 |
|
|
|0 0
|1 0
|4 0
|7 0
|9 289703
|a LIB
|b LIB
|d 2017-08-13
|h Vol.14(30); 23-07-2010
|r 2017-08-13
|w 2017-08-13
|y SER
|
| 952 |
|
|
|0 0
|1 0
|4 0
|7 0
|9 289704
|a LIB
|b LIB
|d 2017-08-13
|h Vol.14(33); 13-08-2010
|r 2017-08-13
|w 2017-08-13
|y SER
|
| 952 |
|
|
|0 0
|1 0
|4 0
|7 0
|9 289705
|a LIB
|b LIB
|d 2017-08-13
|h Vol.14(34); 20-08-2010
|r 2017-08-13
|w 2017-08-13
|y SER
|
| 952 |
|
|
|0 0
|1 0
|4 0
|7 0
|9 289706
|a LIB
|b LIB
|d 2017-08-13
|h Vol.14(35); 27-08-2010
|r 2017-08-13
|w 2017-08-13
|y SER
|
| 952 |
|
|
|0 0
|1 0
|4 0
|7 0
|9 289707
|a LIB
|b LIB
|d 2017-08-13
|h Vol.14(36); 03-09-2010
|r 2017-08-13
|w 2017-08-13
|y SER
|
| 952 |
|
|
|0 0
|1 0
|4 0
|7 0
|9 289708
|a LIB
|b LIB
|d 2017-08-13
|h Vol.14(37); 10-09-2010
|r 2017-08-13
|w 2017-08-13
|y SER
|
| 952 |
|
|
|0 0
|1 0
|4 0
|7 0
|9 289709
|a LIB
|b LIB
|d 2017-08-13
|h Vol.14(38); 17-09-2010
|r 2017-08-13
|w 2017-08-13
|y SER
|
| 952 |
|
|
|0 0
|1 0
|4 0
|7 0
|9 289710
|a LIB
|b LIB
|d 2017-08-13
|h Vol.14(40); 01-10-2010
|r 2017-08-13
|w 2017-08-13
|y SER
|
| 952 |
|
|
|0 0
|1 0
|4 0
|7 0
|9 289711
|a LIB
|b LIB
|d 2017-08-13
|h Vol.14(45); 05-11-2010
|r 2017-08-13
|w 2017-08-13
|y SER
|
| 952 |
|
|
|0 0
|1 0
|4 0
|7 0
|9 289712
|a LIB
|b LIB
|d 2017-08-13
|h Vol.14(46); 12-11-2010
|r 2017-08-13
|w 2017-08-13
|y SER
|
| 952 |
|
|
|0 0
|1 0
|4 0
|7 0
|9 289713
|a LIB
|b LIB
|d 2017-08-13
|h Vol.14(47); 19-11-2010
|r 2017-08-13
|w 2017-08-13
|y SER
|
| 952 |
|
|
|0 0
|1 0
|4 0
|7 0
|9 289714
|a LIB
|b LIB
|d 2017-08-13
|h Vol.14(48); 26-11-2010
|r 2017-08-13
|w 2017-08-13
|y SER
|
| 952 |
|
|
|0 0
|1 0
|4 0
|7 0
|9 289715
|a LIB
|b LIB
|d 2017-08-13
|h Vol.14(49); 03-12-2010
|r 2017-08-13
|w 2017-08-13
|y SER
|
| 952 |
|
|
|0 0
|1 0
|4 0
|7 0
|9 289716
|a LIB
|b LIB
|d 2017-08-13
|h Vol.14(50); 10-12-2010
|r 2017-08-13
|w 2017-08-13
|y SER
|
| 952 |
|
|
|0 0
|1 0
|4 0
|7 0
|9 289717
|a LIB
|b LIB
|d 2017-08-13
|h Vol.14(51); 17-12-2010
|r 2017-08-13
|w 2017-08-13
|y SER
|
| 952 |
|
|
|0 0
|1 0
|4 0
|7 0
|9 289718
|a LIB
|b LIB
|d 2017-08-13
|h Vol.15(2); 14-01-2011
|r 2017-08-13
|w 2017-08-13
|y SER
|
| 952 |
|
|
|0 0
|1 0
|4 0
|7 0
|9 289719
|a LIB
|b LIB
|d 2017-08-13
|h Vol.15(3); 21-01-2011
|r 2017-08-13
|w 2017-08-13
|y SER
|
| 952 |
|
|
|0 0
|1 0
|4 0
|7 0
|9 289720
|a LIB
|b LIB
|d 2017-08-13
|h Vol.15(5); 04-02-2011
|r 2017-08-13
|w 2017-08-13
|y SER
|
| 952 |
|
|
|0 0
|1 0
|4 0
|7 0
|9 289721
|a LIB
|b LIB
|d 2017-08-13
|h Vol.15(6); 11-02-2011
|r 2017-08-13
|w 2017-08-13
|y SER
|
| 952 |
|
|
|0 0
|1 0
|4 0
|7 0
|9 289722
|a LIB
|b LIB
|d 2017-08-13
|h Vol.15(10); 11-03-2011
|r 2017-08-13
|w 2017-08-13
|y SER
|
| 952 |
|
|
|0 0
|1 0
|4 0
|7 0
|9 289723
|a LIB
|b LIB
|d 2017-08-13
|h Vol.15(12); 25-03-2011
|r 2017-08-13
|w 2017-08-13
|y SER
|
| 952 |
|
|
|0 0
|1 0
|4 0
|7 0
|9 289724
|a LIB
|b LIB
|d 2017-08-13
|h Vol.15(13); 01-04-2011
|r 2017-08-13
|w 2017-08-13
|y SER
|
| 952 |
|
|
|0 0
|1 0
|4 0
|7 0
|9 289725
|a LIB
|b LIB
|d 2017-08-13
|h Vol.15(14); 08-04-2011
|r 2017-08-13
|w 2017-08-13
|y SER
|
| 952 |
|
|
|0 0
|1 0
|4 0
|7 0
|9 289726
|a LIB
|b LIB
|d 2017-08-13
|h Vol.15(16); 22-04-2011
|r 2017-08-13
|w 2017-08-13
|y SER
|
| 952 |
|
|
|0 0
|1 0
|4 0
|7 0
|9 289727
|a LIB
|b LIB
|d 2017-08-13
|h Vol.15(18); 06-05-2011
|r 2017-08-13
|w 2017-08-13
|y SER
|
| 952 |
|
|
|0 0
|1 0
|4 0
|7 0
|9 289728
|a LIB
|b LIB
|d 2017-08-13
|h Vol.15(17); 29-04-2011
|r 2017-08-13
|w 2017-08-13
|y SER
|
| 952 |
|
|
|0 0
|1 0
|4 0
|7 0
|9 289729
|a LIB
|b LIB
|d 2017-08-13
|h Vol.15(20); 20-05-2011
|r 2017-08-13
|w 2017-08-13
|y SER
|
| 952 |
|
|
|0 0
|1 0
|4 0
|7 0
|9 289730
|a LIB
|b LIB
|d 2017-08-13
|h Vol.15(21); 27-05-2011
|r 2017-08-13
|w 2017-08-13
|y SER
|
| 952 |
|
|
|0 0
|1 0
|4 0
|7 0
|9 289731
|a LIB
|b LIB
|d 2017-08-13
|h Vol.14(53); 31-12-2010
|r 2017-08-13
|w 2017-08-13
|y SER
|
| 952 |
|
|
|0 0
|1 0
|4 0
|7 0
|9 289732
|a LIB
|b LIB
|d 2017-08-13
|h Vol.15(1); 07-01-2011
|r 2017-08-13
|w 2017-08-13
|y SER
|
| 952 |
|
|
|0 0
|1 0
|4 0
|7 0
|9 289733
|a LIB
|b LIB
|d 2017-08-13
|h Vol.15(28); 15-07-2011
|r 2017-08-13
|w 2017-08-13
|y SER
|
| 952 |
|
|
|0 0
|1 0
|4 0
|7 0
|9 289734
|a LIB
|b LIB
|d 2017-08-13
|h Vol.15(31); 03-08-2011
|r 2017-08-13
|w 2017-08-13
|y SER
|
| 952 |
|
|
|0 0
|1 0
|4 0
|7 0
|9 289735
|a LIB
|b LIB
|d 2017-08-13
|h Vol.15(32); 10-08-2011
|r 2017-08-13
|w 2017-08-13
|y SER
|
| 952 |
|
|
|0 0
|1 0
|4 0
|7 0
|9 289736
|a LIB
|b LIB
|d 2017-08-13
|h Vol.16(5); 01-02-2012
|r 2017-08-13
|w 2017-08-13
|y SER
|
| 952 |
|
|
|0 0
|1 0
|4 0
|7 0
|9 289737
|a LIB
|b LIB
|d 2017-08-13
|h Vol.16(6); 05-02-2012
|r 2017-08-13
|w 2017-08-13
|y SER
|
| 952 |
|
|
|0 0
|1 0
|4 0
|7 0
|9 289738
|a LIB
|b LIB
|d 2017-08-13
|h Vol.16(7); 12-02-2012
|r 2017-08-13
|w 2017-08-13
|y SER
|
| 952 |
|
|
|0 0
|1 0
|4 0
|7 0
|9 289739
|a LIB
|b LIB
|d 2017-08-13
|h Vol.16(8); 19-02-2012
|r 2017-08-13
|w 2017-08-13
|y SER
|
| 952 |
|
|
|0 0
|1 0
|4 0
|7 0
|9 289740
|a LIB
|b LIB
|d 2017-08-13
|h Vol.16(9); 29-02-2012
|r 2017-08-13
|w 2017-08-13
|y SER
|
| 952 |
|
|
|0 0
|1 0
|4 0
|7 0
|9 289741
|a LIB
|b LIB
|d 2017-08-13
|h Vol.16(10); 04-03-2012
|r 2017-08-13
|w 2017-08-13
|y SER
|
| 952 |
|
|
|0 0
|1 0
|4 0
|7 0
|9 289742
|a LIB
|b LIB
|d 2017-08-13
|h Vol.16(12); 18-03-2012
|r 2017-08-13
|w 2017-08-13
|y SER
|
| 952 |
|
|
|0 0
|1 0
|4 0
|7 0
|9 289743
|a LIB
|b LIB
|d 2017-08-13
|h Vol.16(13); 25-03-2012
|r 2017-08-13
|w 2017-08-13
|y SER
|
| 952 |
|
|
|0 0
|1 0
|4 0
|7 0
|9 289744
|a LIB
|b LIB
|d 2017-08-13
|h Vol.16(15); 11-04-2012
|r 2017-08-13
|w 2017-08-13
|y SER
|
| 952 |
|
|
|0 0
|1 0
|4 0
|7 0
|9 289745
|a LIB
|b LIB
|d 2017-08-13
|h Vol.16(16); 18-04-2012
|r 2017-08-13
|w 2017-08-13
|y SER
|
| 952 |
|
|
|0 0
|1 0
|4 0
|7 0
|9 289746
|a LIB
|b LIB
|d 2017-08-13
|h Vol.16(17); 25-04-2012
|r 2017-08-13
|w 2017-08-13
|y SER
|
| 952 |
|
|
|0 0
|1 0
|4 0
|7 0
|9 289747
|a LIB
|b LIB
|d 2017-08-13
|h Vol.16(11); 11-03-2012
|r 2017-08-13
|w 2017-08-13
|y SER
|
| 952 |
|
|
|0 0
|1 0
|4 0
|7 0
|9 289748
|a LIB
|b LIB
|d 2017-08-13
|h Vol.16(18); 29-04-2012
|r 2017-08-13
|w 2017-08-13
|y SER
|
| 952 |
|
|
|0 0
|1 0
|4 0
|7 0
|9 289749
|a LIB
|b LIB
|d 2017-08-13
|h Vol.16(19); 06-05-2012
|r 2017-08-13
|w 2017-08-13
|y SER
|
| 952 |
|
|
|0 0
|1 0
|4 0
|7 0
|9 289750
|a LIB
|b LIB
|d 2017-08-13
|h Vol.16(20); 16-05-2012
|r 2017-08-13
|w 2017-08-13
|y SER
|
| 952 |
|
|
|0 0
|1 0
|4 0
|7 0
|9 289751
|a LIB
|b LIB
|d 2017-08-13
|h Vol.16(21); 23-05-2012
|r 2017-08-13
|w 2017-08-13
|y SER
|
| 952 |
|
|
|0 0
|1 0
|4 0
|7 0
|9 289752
|a LIB
|b LIB
|d 2017-08-13
|h Vol.16(22); 30-05-2012
|r 2017-08-13
|w 2017-08-13
|y SER
|
| 952 |
|
|
|0 0
|1 0
|4 0
|7 0
|9 289753
|a LIB
|b LIB
|d 2017-08-13
|h Vol.16(24); 13-06-2012
|r 2017-08-13
|w 2017-08-13
|y SER
|
| 952 |
|
|
|0 0
|1 0
|4 0
|7 0
|9 289754
|a LIB
|b LIB
|d 2017-08-13
|h Vol.16(25); 20-06-2012
|r 2017-08-13
|w 2017-08-13
|y SER
|
| 952 |
|
|
|0 0
|1 0
|4 0
|7 0
|9 289755
|a LIB
|b LIB
|d 2017-08-13
|h Vol.16(23); 06-06-2012
|r 2017-08-13
|w 2017-08-13
|y SER
|
| 952 |
|
|
|0 0
|1 0
|4 0
|7 0
|9 289756
|a LIB
|b LIB
|d 2017-08-13
|h Vol.16(26); 27-06-2012
|r 2017-08-13
|w 2017-08-13
|y SER
|
| 952 |
|
|
|0 0
|1 0
|4 0
|7 0
|9 289757
|a LIB
|b LIB
|d 2017-08-13
|h Vol.16(27); 04-07-2012
|r 2017-08-13
|w 2017-08-13
|y SER
|
| 952 |
|
|
|0 0
|1 0
|4 0
|7 0
|9 289758
|a LIB
|b LIB
|d 2017-08-13
|h Vol.16(28); 11-07-2012
|r 2017-08-13
|w 2017-08-13
|y SER
|
| 952 |
|
|
|0 0
|1 0
|4 0
|7 0
|9 289759
|a LIB
|b LIB
|d 2017-08-13
|h Vol.16(29); 18-07-2012
|r 2017-08-13
|w 2017-08-13
|y SER
|
| 952 |
|
|
|0 0
|1 0
|4 0
|7 0
|9 289760
|a LIB
|b LIB
|d 2017-08-13
|h Vol.16(32); 08-08-2012
|r 2017-08-13
|w 2017-08-13
|y SER
|
| 952 |
|
|
|0 0
|1 0
|4 0
|7 0
|9 289761
|a LIB
|b LIB
|d 2017-08-13
|h Vol.16(33); 15-08-2012
|r 2017-08-13
|w 2017-08-13
|y SER
|
| 952 |
|
|
|0 0
|1 0
|4 0
|7 0
|9 289762
|a LIB
|b LIB
|d 2017-08-13
|h Vol.16(34); 22-08-2012
|r 2017-08-13
|w 2017-08-13
|y SER
|
| 952 |
|
|
|0 0
|1 0
|4 0
|7 0
|9 289763
|a LIB
|b LIB
|d 2017-08-13
|h Vol.16(35); 29-08-2012
|r 2017-08-13
|w 2017-08-13
|y SER
|
| 952 |
|
|
|0 0
|1 0
|4 0
|7 0
|9 289764
|a LIB
|b LIB
|d 2017-08-13
|h Vol.16(36); 05-09-2012
|r 2017-08-13
|w 2017-08-13
|y SER
|
| 952 |
|
|
|0 0
|1 0
|4 0
|7 0
|9 289765
|a LIB
|b LIB
|d 2017-08-13
|h Vol.16(37); 12-09-2012
|r 2017-08-13
|w 2017-08-13
|y SER
|
| 952 |
|
|
|0 0
|1 0
|4 0
|7 0
|9 289766
|a LIB
|b LIB
|d 2017-08-13
|h Vol.16(38); 19-09-2012
|r 2017-08-13
|w 2017-08-13
|y SER
|
| 952 |
|
|
|0 0
|1 0
|4 0
|7 0
|9 289767
|a LIB
|b LIB
|d 2017-08-13
|h Vol.16(39); 26-09-2012
|r 2017-08-13
|w 2017-08-13
|y SER
|
| 952 |
|
|
|0 0
|1 0
|4 0
|7 0
|9 289768
|a LIB
|b LIB
|d 2017-08-13
|h Vol.16(41); 10-10-2012
|r 2017-08-13
|w 2017-08-13
|y SER
|
| 952 |
|
|
|0 0
|1 0
|4 0
|7 0
|9 289769
|a LIB
|b LIB
|d 2017-08-13
|h Vol.16(43); 24-10-2012
|r 2017-08-13
|w 2017-08-13
|y SER
|
| 952 |
|
|
|0 0
|1 0
|4 0
|7 0
|9 289770
|a LIB
|b LIB
|d 2017-08-13
|h Vol.16(44); 31-10-2012
|r 2017-08-13
|w 2017-08-13
|y SER
|
| 952 |
|
|
|0 0
|1 0
|4 0
|7 0
|9 289771
|a LIB
|b LIB
|d 2017-08-13
|h Vol.16(45); 07-11-2012
|r 2017-08-13
|w 2017-08-13
|y SER
|
| 952 |
|
|
|0 0
|1 0
|4 0
|7 0
|9 289772
|a LIB
|b LIB
|d 2017-08-13
|h Vol.17(5); 01-02-2013
|r 2017-08-13
|w 2017-08-13
|y SER
|
| 952 |
|
|
|0 0
|1 0
|4 0
|7 0
|9 289773
|a LIB
|b LIB
|d 2017-08-13
|h Vol.17(6); 08-02-2013
|r 2017-08-13
|w 2017-08-13
|y SER
|
| 952 |
|
|
|0 0
|1 0
|4 0
|7 0
|9 289774
|a LIB
|b LIB
|d 2017-08-13
|h Vol.17(9); 01-03-2013
|r 2017-08-13
|w 2017-08-13
|y SER
|
| 952 |
|
|
|0 0
|1 0
|4 0
|7 0
|9 289775
|a LIB
|b LIB
|d 2017-08-13
|h Vol.17(11); 15-03-2013
|r 2017-08-13
|w 2017-08-13
|y SER
|
| 952 |
|
|
|0 0
|1 0
|4 0
|7 0
|9 289776
|a LIB
|b LIB
|d 2017-08-13
|h Vol.17(14); 05-04-2013
|r 2017-08-13
|w 2017-08-13
|y SER
|
| 952 |
|
|
|0 0
|1 0
|4 0
|7 0
|9 289777
|a LIB
|b LIB
|d 2017-08-13
|h Vol.17(15); 12-04-2013
|r 2017-08-13
|w 2017-08-13
|y SER
|
| 952 |
|
|
|0 0
|1 0
|4 0
|7 0
|9 289778
|a LIB
|b LIB
|d 2017-08-13
|h Vol.17(10); 08-03-2013
|r 2017-08-13
|w 2017-08-13
|y SER
|
| 952 |
|
|
|0 0
|1 0
|4 0
|7 0
|9 289779
|a LIB
|b LIB
|d 2017-08-13
|h Vol.17(17); 26-04-2013
|r 2017-08-13
|w 2017-08-13
|y SER
|
| 952 |
|
|
|0 0
|1 0
|4 0
|7 0
|9 289780
|a LIB
|b LIB
|d 2017-08-13
|h Vol.17(13); 29-03-2013
|r 2017-08-13
|w 2017-08-13
|y SER
|
| 952 |
|
|
|0 0
|1 0
|4 0
|7 0
|9 289781
|a LIB
|b LIB
|d 2017-08-13
|h Vol.17(12); 22-03-2013
|r 2017-08-13
|w 2017-08-13
|y SER
|
| 952 |
|
|
|0 0
|1 0
|4 0
|7 0
|9 289782
|a LIB
|b LIB
|d 2017-08-13
|h Vol.17(25); 21-06-2013
|r 2017-08-13
|w 2017-08-13
|y SER
|
| 952 |
|
|
|0 0
|1 0
|4 0
|7 0
|9 289783
|a LIB
|b LIB
|d 2017-08-13
|h Vol.17(29); 19-07-2013
|r 2017-08-13
|w 2017-08-13
|y SER
|
| 952 |
|
|
|0 0
|1 0
|4 0
|7 0
|9 289784
|a LIB
|b LIB
|d 2017-08-13
|h Vol.17(30); 26-07-2013
|r 2017-08-13
|w 2017-08-13
|y SER
|
| 952 |
|
|
|0 0
|1 0
|4 0
|7 0
|9 289785
|a LIB
|b LIB
|d 2017-08-13
|h Vol.17(31); 02-08-2013
|r 2017-08-13
|w 2017-08-13
|y SER
|
| 952 |
|
|
|0 0
|1 0
|4 0
|7 0
|9 289786
|a LIB
|b LIB
|d 2017-08-13
|h Vol.17(32); 09-08-2013
|r 2017-08-13
|w 2017-08-13
|y SER
|
| 952 |
|
|
|0 0
|1 0
|4 0
|7 0
|9 289787
|a LIB
|b LIB
|d 2017-08-13
|h Vol.17(33); 16-08-2013
|r 2017-08-13
|w 2017-08-13
|y SER
|
| 952 |
|
|
|0 0
|1 0
|4 0
|7 0
|9 289788
|a LIB
|b LIB
|d 2017-08-13
|h Vol.17(34); 23-08-2013
|r 2017-08-13
|w 2017-08-13
|y SER
|
| 952 |
|
|
|0 0
|1 0
|4 0
|7 0
|9 289789
|a LIB
|b LIB
|d 2017-08-13
|h Vol.17(35); 30-08-2013
|r 2017-08-13
|w 2017-08-13
|y SER
|
| 952 |
|
|
|0 0
|1 0
|4 0
|7 0
|9 289790
|a LIB
|b LIB
|d 2017-08-13
|h Vol.17(37); 13-09-2013
|r 2017-08-13
|w 2017-08-13
|y SER
|
| 952 |
|
|
|0 0
|1 0
|4 0
|7 0
|9 289791
|a LIB
|b LIB
|d 2017-08-13
|h Vol.17(38); 20-09-2013
|r 2017-08-13
|w 2017-08-13
|y SER
|
| 952 |
|
|
|0 0
|1 0
|4 0
|7 0
|9 289792
|a LIB
|b LIB
|d 2017-08-13
|h Vol.17(39); 27-09-2013
|r 2017-08-13
|w 2017-08-13
|y SER
|
| 952 |
|
|
|0 0
|1 0
|4 0
|7 0
|9 289793
|a LIB
|b LIB
|d 2017-08-13
|h Vol.17(40); 04-10-2013
|r 2017-08-13
|w 2017-08-13
|y SER
|
| 952 |
|
|
|0 0
|1 0
|4 0
|7 0
|9 289794
|a LIB
|b LIB
|d 2017-08-13
|h Vol.17(36); 06-09-2013
|r 2017-08-13
|w 2017-08-13
|y SER
|
| 952 |
|
|
|0 0
|1 0
|4 0
|7 0
|9 289795
|a LIB
|b LIB
|d 2017-08-13
|h Vol.17(41); 11-10-2013
|r 2017-08-13
|w 2017-08-13
|y SER
|
| 952 |
|
|
|0 0
|1 0
|4 0
|7 0
|9 289796
|a LIB
|b LIB
|d 2017-08-13
|h Vol.17(42); 18-10-2013
|r 2017-08-13
|w 2017-08-13
|y SER
|
| 952 |
|
|
|0 0
|1 0
|4 0
|7 0
|9 289797
|a LIB
|b LIB
|d 2017-08-13
|h Vol.17(45); 08-11-2013
|r 2017-08-13
|w 2017-08-13
|y SER
|
| 952 |
|
|
|0 0
|1 0
|4 0
|7 0
|9 289798
|a LIB
|b LIB
|d 2017-08-13
|h Vol.17(46); 15-11-2013
|r 2017-08-13
|w 2017-08-13
|y SER
|
| 952 |
|
|
|0 0
|1 0
|4 0
|7 0
|9 289799
|a LIB
|b LIB
|d 2017-08-13
|h Vol.17(47); 20-11-2013
|r 2017-08-13
|w 2017-08-13
|y SER
|
| 952 |
|
|
|0 0
|1 0
|4 0
|7 0
|9 289800
|a LIB
|b LIB
|d 2017-08-13
|h Vol.17(48); 29-11-2013
|r 2017-08-13
|w 2017-08-13
|y SER
|
| 952 |
|
|
|0 0
|1 0
|4 0
|7 0
|9 289801
|a LIB
|b LIB
|d 2017-08-13
|h Vol.17(49); 06-12-2013
|r 2017-08-13
|w 2017-08-13
|y SER
|
| 952 |
|
|
|0 0
|1 0
|4 0
|7 0
|9 289802
|a LIB
|b LIB
|d 2017-08-13
|h Vol.17(50); 13-12-2013
|r 2017-08-13
|w 2017-08-13
|y SER
|
| 952 |
|
|
|0 0
|1 0
|4 0
|7 0
|9 289803
|a LIB
|b LIB
|d 2017-08-13
|h Vol.17(51); 20-12-2013
|r 2017-08-13
|w 2017-08-13
|y SER
|
| 952 |
|
|
|0 0
|1 0
|4 0
|7 0
|9 289804
|a LIB
|b LIB
|d 2017-08-13
|h Vol.17(52); 25-12-2013
|r 2017-08-13
|w 2017-08-13
|y SER
|
| 952 |
|
|
|0 0
|1 0
|4 0
|7 0
|9 289805
|a LIB
|b LIB
|d 2017-08-13
|h Vol.18(1); 04-01-2014
|r 2017-08-13
|w 2017-08-13
|y SER
|
| 952 |
|
|
|0 0
|1 0
|4 0
|7 0
|9 289806
|a LIB
|b LIB
|d 2017-08-13
|h Vol.18(2); 11-01-2014
|r 2017-08-13
|w 2017-08-13
|y SER
|
| 952 |
|
|
|0 0
|1 0
|4 0
|7 0
|9 289807
|a LIB
|b LIB
|d 2017-08-13
|h Vol.18(3); 18-01-2014
|r 2017-08-13
|w 2017-08-13
|y SER
|
| 952 |
|
|
|0 0
|1 0
|4 0
|7 0
|9 289808
|a LIB
|b LIB
|d 2017-08-13
|h Vol.18(4); 22-01-2014
|r 2017-08-13
|w 2017-08-13
|y SER
|
| 952 |
|
|
|0 0
|1 0
|4 0
|7 0
|9 289809
|a LIB
|b LIB
|d 2017-08-13
|h Vol.18(5); 29-01-2014
|r 2017-08-13
|w 2017-08-13
|y SER
|
| 952 |
|
|
|0 0
|1 0
|4 0
|7 0
|9 289810
|a LIB
|b LIB
|d 2017-08-13
|h Vol.18(6); 05-02-2014
|r 2017-08-13
|w 2017-08-13
|y SER
|
| 952 |
|
|
|0 0
|1 0
|4 0
|7 0
|9 289811
|a LIB
|b LIB
|d 2017-08-13
|h Vol.18(7); 12-02-2014
|r 2017-08-13
|w 2017-08-13
|y SER
|
| 952 |
|
|
|0 0
|1 0
|4 0
|7 0
|9 289812
|a LIB
|b LIB
|d 2017-08-13
|h Vol.18(8); 19-02-2014
|r 2017-08-13
|w 2017-08-13
|y SER
|
| 952 |
|
|
|0 0
|1 0
|4 0
|7 0
|9 289813
|a LIB
|b LIB
|d 2017-08-13
|h Vol.18(9); 26-02-2014
|r 2017-08-13
|w 2017-08-13
|y SER
|
| 952 |
|
|
|0 0
|1 0
|4 0
|7 0
|9 289814
|a LIB
|b LIB
|d 2017-08-13
|h Vol.18(10); 05-03-2014
|r 2017-08-13
|w 2017-08-13
|y SER
|
| 952 |
|
|
|0 0
|1 0
|4 0
|7 0
|9 289815
|a LIB
|b LIB
|d 2017-08-13
|h Vol.18(11); 12-03-2014
|r 2017-08-13
|w 2017-08-13
|y SER
|
| 952 |
|
|
|0 0
|1 0
|4 0
|7 0
|9 289816
|a LIB
|b LIB
|d 2017-08-13
|h Vol.18(13); 26-03-2014
|r 2017-08-13
|w 2017-08-13
|y SER
|
| 952 |
|
|
|0 0
|1 0
|4 0
|7 0
|9 289817
|a LIB
|b LIB
|d 2017-08-13
|h Vol.18(12); 19-03-2014
|r 2017-08-13
|w 2017-08-13
|y SER
|
| 952 |
|
|
|0 0
|1 0
|4 0
|7 0
|9 289818
|a LIB
|b LIB
|d 2017-08-13
|h Vol.18(15); 09-04-2014
|r 2017-08-13
|w 2017-08-13
|y SER
|
| 952 |
|
|
|0 0
|1 0
|4 0
|7 0
|9 289819
|a LIB
|b LIB
|d 2017-08-13
|h Vol.18(16); 16-04-2014
|r 2017-08-13
|w 2017-08-13
|y SER
|
| 952 |
|
|
|0 0
|1 0
|4 0
|7 0
|9 289820
|a LIB
|b LIB
|d 2017-08-13
|h Vol.18(17); 23-04-2014
|r 2017-08-13
|w 2017-08-13
|y SER
|
| 952 |
|
|
|0 0
|1 0
|4 0
|7 0
|9 289821
|a LIB
|b LIB
|d 2017-08-13
|h Vol.18(18); 30-04-2014
|r 2017-08-13
|w 2017-08-13
|y SER
|
| 952 |
|
|
|0 0
|1 0
|4 0
|7 0
|9 289822
|a LIB
|b LIB
|d 2017-08-13
|h Vol.18(14); 02-04-2014
|r 2017-08-13
|w 2017-08-13
|y SER
|
| 952 |
|
|
|0 0
|1 0
|4 0
|7 0
|9 289823
|a LIB
|b LIB
|d 2017-08-13
|h Vol.18(19); 07-05-2014
|r 2017-08-13
|w 2017-08-13
|y SER
|
| 952 |
|
|
|0 0
|1 0
|4 0
|7 0
|9 289824
|a LIB
|b LIB
|d 2017-08-13
|h Vol.18(20); 14-05-2014
|r 2017-08-13
|w 2017-08-13
|y SER
|
| 952 |
|
|
|0 0
|1 0
|4 0
|7 0
|9 289825
|a LIB
|b LIB
|d 2017-08-13
|h Vol.18(21); 21-05-2014
|r 2017-08-13
|w 2017-08-13
|y SER
|
| 952 |
|
|
|0 0
|1 0
|4 0
|7 0
|9 289826
|a LIB
|b LIB
|d 2017-08-13
|h Vol.18(22); 28-05-2014
|r 2017-08-13
|w 2017-08-13
|y SER
|
| 952 |
|
|
|0 0
|1 0
|4 0
|7 0
|9 289827
|a LIB
|b LIB
|d 2017-08-13
|h Vol.18(23); 04-06-2014
|r 2017-08-13
|w 2017-08-13
|y SER
|
| 952 |
|
|
|0 0
|1 0
|4 0
|7 0
|9 289828
|a LIB
|b LIB
|d 2017-08-13
|h Vol.18(24); 11-06-2014
|r 2017-08-13
|w 2017-08-13
|y SER
|
| 952 |
|
|
|0 0
|1 0
|4 0
|7 0
|9 289829
|a LIB
|b LIB
|d 2017-08-13
|h Vol.18(25); 18-06-2014
|r 2017-08-13
|w 2017-08-13
|y SER
|
| 952 |
|
|
|0 0
|1 0
|4 0
|7 0
|9 289830
|a LIB
|b LIB
|d 2017-08-13
|h Vol.18(26); 25-06-2014
|r 2017-08-13
|w 2017-08-13
|y SER
|
| 952 |
|
|
|0 0
|1 0
|4 0
|7 0
|9 289831
|a LIB
|b LIB
|d 2017-08-13
|h Vol.18(27); 02-07-2014
|r 2017-08-13
|w 2017-08-13
|y SER
|
| 952 |
|
|
|0 0
|1 0
|4 0
|7 0
|9 289832
|a LIB
|b LIB
|d 2017-08-13
|h Vol.18(29); 16-07-2014
|r 2017-08-13
|w 2017-08-13
|y SER
|
| 952 |
|
|
|0 0
|1 0
|4 0
|7 0
|9 289833
|a LIB
|b LIB
|d 2017-08-13
|h Vol.18(31); 30-07-2014
|r 2017-08-13
|w 2017-08-13
|y SER
|
| 952 |
|
|
|0 0
|1 0
|4 0
|7 0
|9 289834
|a LIB
|b LIB
|d 2017-08-13
|h Vol.18(32); 06-08-2014
|r 2017-08-13
|w 2017-08-13
|y SER
|
| 952 |
|
|
|0 0
|1 0
|4 0
|7 0
|9 289835
|a LIB
|b LIB
|d 2017-08-13
|h Vol.18(33); 13-08-2014
|r 2017-08-13
|w 2017-08-13
|y SER
|
| 952 |
|
|
|0 0
|1 0
|4 0
|7 0
|9 289836
|a LIB
|b LIB
|d 2017-08-13
|h Vol.18(34); 20-08-2014
|r 2017-08-13
|w 2017-08-13
|y SER
|
| 952 |
|
|
|0 0
|1 0
|4 0
|7 0
|9 289837
|a LIB
|b LIB
|d 2017-08-13
|h Vol.18(36); 03-09-2014
|r 2017-08-13
|w 2017-08-13
|y SER
|
| 952 |
|
|
|0 0
|1 0
|4 0
|7 0
|9 289838
|a LIB
|b LIB
|d 2017-08-13
|h Vol.18(37); 10-09-2014
|r 2017-08-13
|w 2017-08-13
|y SER
|
| 952 |
|
|
|0 0
|1 0
|4 0
|7 0
|9 289839
|a LIB
|b LIB
|d 2017-08-13
|h Vol.18(38); 17-09-2014
|r 2017-08-13
|w 2017-08-13
|y SER
|
| 952 |
|
|
|0 0
|1 0
|4 0
|7 0
|9 289840
|a LIB
|b LIB
|d 2017-08-13
|h Vol.18(39); 24-09-2014
|r 2017-08-13
|w 2017-08-13
|y SER
|
| 952 |
|
|
|0 0
|1 0
|4 0
|7 0
|9 289841
|a LIB
|b LIB
|d 2017-08-13
|h Vol.18(40); 01-10-2014
|r 2017-08-13
|w 2017-08-13
|y SER
|
| 952 |
|
|
|0 0
|1 0
|4 0
|7 0
|9 289842
|a LIB
|b LIB
|d 2017-08-13
|h Vol.18(41); 08-10-2014
|r 2017-08-13
|w 2017-08-13
|y SER
|
| 952 |
|
|
|0 0
|1 0
|4 0
|7 0
|9 289843
|a LIB
|b LIB
|d 2017-08-13
|h Vol.18(42); 15-10-2014
|r 2017-08-13
|w 2017-08-13
|y SER
|
| 952 |
|
|
|0 0
|1 0
|4 0
|7 0
|9 289844
|a LIB
|b LIB
|d 2017-08-13
|h Vol.18(44); 29-10-2014
|r 2017-08-13
|w 2017-08-13
|y SER
|
| 952 |
|
|
|0 0
|1 0
|4 0
|7 0
|9 289845
|a LIB
|b LIB
|d 2017-08-13
|h Vol.18(45); 05-11-2014
|r 2017-08-13
|w 2017-08-13
|y SER
|
| 952 |
|
|
|0 0
|1 0
|4 0
|7 0
|9 289846
|a LIB
|b LIB
|d 2017-08-13
|h Vol.18(46); 12-11-2014
|r 2017-08-13
|w 2017-08-13
|y SER
|
| 952 |
|
|
|0 0
|1 0
|4 0
|7 0
|9 289847
|a LIB
|b LIB
|d 2017-08-13
|h Vol.18(47); 19-11-2014
|r 2017-08-13
|w 2017-08-13
|y SER
|
| 952 |
|
|
|0 0
|1 0
|4 0
|7 0
|9 289848
|a LIB
|b LIB
|d 2017-08-13
|h Vol.18(48); 26-11-2014
|r 2017-08-13
|w 2017-08-13
|y SER
|
| 952 |
|
|
|0 0
|1 0
|4 0
|7 0
|9 289849
|a LIB
|b LIB
|d 2017-08-13
|h Vol.18(50); 10-12-2014
|r 2017-08-13
|w 2017-08-13
|y SER
|
| 952 |
|
|
|0 0
|1 0
|4 0
|7 0
|9 289850
|a LIB
|b LIB
|d 2017-08-13
|h Vol.18(51); 17-12-2014
|r 2017-08-13
|w 2017-08-13
|y SER
|
| 952 |
|
|
|0 0
|1 0
|4 0
|7 0
|9 289851
|a LIB
|b LIB
|d 2017-08-13
|h Vol.19(2); 08-01-2015
|r 2017-08-13
|w 2017-08-13
|y SER
|
| 952 |
|
|
|0 0
|1 0
|4 0
|7 0
|9 289852
|a LIB
|b LIB
|d 2017-08-13
|h Vol.18(52); 24-12-2014
|r 2017-08-13
|w 2017-08-13
|y SER
|
| 952 |
|
|
|0 0
|1 0
|4 0
|7 0
|9 289853
|a LIB
|b LIB
|d 2017-08-13
|h Vol.19(3); 15-01-2015
|r 2017-08-13
|w 2017-08-13
|y SER
|
| 952 |
|
|
|0 0
|1 0
|4 0
|7 0
|9 289854
|a LIB
|b LIB
|d 2017-08-13
|h Vol.19(1); 01-01-2015
|r 2017-08-13
|w 2017-08-13
|y SER
|
| 952 |
|
|
|0 0
|1 0
|4 0
|7 0
|9 289855
|a LIB
|b LIB
|d 2017-08-13
|h Vol.19(5); 29-01-2015
|r 2017-08-13
|w 2017-08-13
|y SER
|
| 952 |
|
|
|0 0
|1 0
|4 0
|7 0
|9 289856
|a LIB
|b LIB
|d 2017-08-13
|h Vol.19(6); 05-02-2015
|r 2017-08-13
|w 2017-08-13
|y SER
|
| 952 |
|
|
|0 0
|1 0
|4 0
|7 0
|9 289857
|a LIB
|b LIB
|d 2017-08-13
|h Vol.19(7); 12-02-2015
|r 2017-08-13
|w 2017-08-13
|y SER
|
| 952 |
|
|
|0 0
|1 0
|4 0
|7 0
|9 289858
|a LIB
|b LIB
|d 2017-08-13
|h Vol.19(8); 19-02-2015
|r 2017-08-13
|w 2017-08-13
|y SER
|
| 952 |
|
|
|0 0
|1 0
|4 0
|7 0
|9 289859
|a LIB
|b LIB
|d 2017-08-13
|h Vol.19(9); 26-02-2015
|r 2017-08-13
|w 2017-08-13
|y SER
|
| 952 |
|
|
|0 0
|1 0
|4 0
|7 0
|9 289860
|a LIB
|b LIB
|d 2017-08-13
|h Vol.19(10); 05-03-2015
|r 2017-08-13
|w 2017-08-13
|y SER
|
| 952 |
|
|
|0 0
|1 0
|4 0
|7 0
|9 289861
|a LIB
|b LIB
|d 2017-08-13
|h Vol.19(11); 12-03-2015
|r 2017-08-13
|w 2017-08-13
|y SER
|
| 952 |
|
|
|0 0
|1 0
|4 0
|7 0
|9 289862
|a LIB
|b LIB
|d 2017-08-13
|h Vol.19(12); 19-03-2015
|r 2017-08-13
|w 2017-08-13
|y SER
|
| 952 |
|
|
|0 0
|1 0
|4 0
|7 0
|9 289863
|a LIB
|b LIB
|d 2017-08-13
|h Vol.19(13); 25-03-2015
|r 2017-08-13
|w 2017-08-13
|y SER
|
| 952 |
|
|
|0 0
|1 0
|4 0
|7 0
|9 289864
|a LIB
|b LIB
|d 2017-08-13
|h Vol.19(14); 02-04-2015
|r 2017-08-13
|w 2017-08-13
|y SER
|
| 952 |
|
|
|0 0
|1 0
|4 0
|7 0
|9 289865
|a LIB
|b LIB
|d 2017-08-13
|h Vol.19(15); 09-04-2015
|r 2017-08-13
|w 2017-08-13
|y SER
|
| 952 |
|
|
|0 0
|1 0
|4 0
|7 0
|9 289866
|a LIB
|b LIB
|d 2017-08-13
|h Vol.19(16); 16-04-2015
|r 2017-08-13
|w 2017-08-13
|y SER
|
| 952 |
|
|
|0 0
|1 0
|4 0
|7 0
|9 289867
|a LIB
|b LIB
|d 2017-08-13
|h Vol.19(17); 23-04-2015
|r 2017-08-13
|w 2017-08-13
|y SER
|
| 952 |
|
|
|0 0
|1 0
|4 0
|7 0
|9 289868
|a LIB
|b LIB
|d 2017-08-13
|h Vol.19(19); 06-05-2015
|r 2017-08-13
|w 2017-08-13
|y SER
|
| 952 |
|
|
|0 0
|1 0
|4 0
|7 0
|9 289869
|a LIB
|b LIB
|d 2017-08-13
|h Vol.19(20); 14-05-2015
|r 2017-08-13
|w 2017-08-13
|y SER
|
| 952 |
|
|
|0 0
|1 0
|4 0
|7 0
|9 289870
|a LIB
|b LIB
|d 2017-08-13
|h Vol.19(21); 21-05-2015
|r 2017-08-13
|w 2017-08-13
|y SER
|
| 952 |
|
|
|0 0
|1 0
|4 0
|7 0
|9 289871
|a LIB
|b LIB
|d 2017-08-13
|h Vol.19(22); 28-05-2015
|r 2017-08-13
|w 2017-08-13
|y SER
|
| 952 |
|
|
|0 0
|1 0
|4 0
|7 0
|9 289872
|a LIB
|b LIB
|d 2017-08-13
|h Vol.19(23); 03-06-2015
|r 2017-08-13
|w 2017-08-13
|y SER
|
| 952 |
|
|
|0 0
|1 0
|4 0
|7 0
|9 289873
|a LIB
|b LIB
|d 2017-08-13
|h Vol.19(24); 11-06-2015
|r 2017-08-13
|w 2017-08-13
|y SER
|
| 952 |
|
|
|0 0
|1 0
|4 0
|7 0
|9 289874
|a LIB
|b LIB
|d 2017-08-13
|h Vol.19(26); 25-06-2015
|r 2017-08-13
|w 2017-08-13
|y SER
|
| 952 |
|
|
|0 0
|1 0
|4 0
|7 0
|9 289875
|a LIB
|b LIB
|d 2017-08-13
|h Vol.19(27); 02-07-2015
|r 2017-08-13
|w 2017-08-13
|y SER
|
| 952 |
|
|
|0 0
|1 0
|4 0
|7 0
|9 289876
|a LIB
|b LIB
|d 2017-08-13
|h Vol.19(28); 09-07-2015
|r 2017-08-13
|w 2017-08-13
|y SER
|
| 952 |
|
|
|0 0
|1 0
|4 0
|7 0
|9 289877
|a LIB
|b LIB
|d 2017-08-13
|h Vol.19(30); 23-07-2015
|r 2017-08-13
|w 2017-08-13
|y SER
|
| 952 |
|
|
|0 0
|1 0
|4 0
|7 0
|9 289878
|a LIB
|b LIB
|d 2017-08-13
|h Vol.19(29); 16-07-2015
|r 2017-08-13
|w 2017-08-13
|y SER
|
| 952 |
|
|
|0 0
|1 0
|4 0
|7 0
|9 289879
|a LIB
|b LIB
|d 2017-08-13
|h Vol.19(31); 30-07-2015
|r 2017-08-13
|w 2017-08-13
|y SER
|
| 952 |
|
|
|0 0
|1 0
|4 0
|7 0
|9 289880
|a LIB
|b LIB
|d 2017-08-13
|h Vol.19(33); 13-08-2015
|r 2017-08-13
|w 2017-08-13
|y SER
|
| 952 |
|
|
|0 0
|1 0
|4 0
|7 0
|9 289881
|a LIB
|b LIB
|d 2017-08-13
|h Vol.19(32); 06-08-2015
|r 2017-08-13
|w 2017-08-13
|y SER
|
| 952 |
|
|
|0 0
|1 0
|4 0
|7 0
|9 289882
|a LIB
|b LIB
|d 2017-08-13
|h Vol.19(35); 27-08-2015
|r 2017-08-13
|w 2017-08-13
|y SER
|
| 952 |
|
|
|0 0
|1 0
|4 0
|7 0
|9 289883
|a LIB
|b LIB
|d 2017-08-13
|h Vol.19(36); 03-09-2015
|r 2017-08-13
|w 2017-08-13
|y SER
|
| 952 |
|
|
|0 0
|1 0
|4 0
|7 0
|9 289884
|a LIB
|b LIB
|d 2017-08-13
|h Vol.19(37); 10-09-2015
|r 2017-08-13
|w 2017-08-13
|y SER
|
| 952 |
|
|
|0 0
|1 0
|4 0
|7 0
|9 289885
|a LIB
|b LIB
|d 2017-08-13
|h Vol.19(38); 17-09-2015
|r 2017-08-13
|w 2017-08-13
|y SER
|
| 952 |
|
|
|0 0
|1 0
|4 0
|7 0
|9 289886
|a LIB
|b LIB
|d 2017-08-13
|h Vol.19(39); 24-09-2015
|r 2017-08-13
|w 2017-08-13
|y SER
|
| 952 |
|
|
|0 0
|1 0
|4 0
|7 0
|9 289887
|a LIB
|b LIB
|d 2017-08-13
|h Vol.19(40); 01-10-2015
|r 2017-08-13
|w 2017-08-13
|y SER
|
| 952 |
|
|
|0 0
|1 0
|4 0
|7 0
|9 289888
|a LIB
|b LIB
|d 2017-08-13
|h Vol.19(44); 29-10-2015
|r 2017-08-13
|w 2017-08-13
|y SER
|
| 952 |
|
|
|0 0
|1 0
|4 0
|7 0
|9 289889
|a LIB
|b LIB
|d 2017-08-13
|h Vol.19(46); 12-11-2015
|r 2017-08-13
|w 2017-08-13
|y SER
|
| 952 |
|
|
|0 0
|1 0
|4 0
|7 0
|9 289890
|a LIB
|b LIB
|d 2017-08-13
|h Vol.19(47); 19-11-2015
|r 2017-08-13
|w 2017-08-13
|y SER
|
| 952 |
|
|
|0 0
|1 0
|4 0
|7 0
|9 289891
|a LIB
|b LIB
|d 2017-08-13
|h Vol.19(48); 26-11-2015
|r 2017-08-13
|w 2017-08-13
|y SER
|
| 952 |
|
|
|0 0
|1 0
|4 0
|7 0
|9 289892
|a LIB
|b LIB
|d 2017-08-13
|h Vol.19(50); 10-12-2015
|r 2017-08-13
|w 2017-08-13
|y SER
|
| 952 |
|
|
|0 0
|1 0
|4 0
|7 0
|9 289893
|a LIB
|b LIB
|d 2017-08-13
|h Vol.19(49); 03-12-2015
|r 2017-08-13
|w 2017-08-13
|y SER
|
| 952 |
|
|
|0 0
|1 0
|4 0
|7 0
|9 289894
|a LIB
|b LIB
|d 2017-08-13
|h Vol.19(52); 24-12-2015
|r 2017-08-13
|w 2017-08-13
|y SER
|
| 952 |
|
|
|0 0
|1 0
|4 0
|7 0
|9 289895
|a LIB
|b LIB
|d 2017-08-13
|h Vol.19(51); 17-12-2015
|r 2017-08-13
|w 2017-08-13
|y SER
|
| 952 |
|
|
|0 0
|1 0
|4 0
|7 0
|9 289896
|a LIB
|b LIB
|d 2017-08-13
|h Vol.20(2); 06-01-2016
|r 2017-08-13
|w 2017-08-13
|y SER
|
| 952 |
|
|
|0 0
|1 0
|4 0
|7 0
|9 289897
|a LIB
|b LIB
|d 2017-08-13
|h Vol.20(4); 20-01-2016
|r 2017-08-13
|w 2017-08-13
|y SER
|
| 952 |
|
|
|0 0
|1 0
|4 0
|7 0
|9 289898
|a LIB
|b LIB
|d 2017-08-13
|h Vol.20(5); 27-01-2016
|r 2017-08-13
|w 2017-08-13
|y SER
|
| 952 |
|
|
|0 0
|1 0
|4 0
|7 0
|9 289899
|a LIB
|b LIB
|d 2017-08-13
|h Vol.20(6); 03-02-2016
|r 2017-08-13
|w 2017-08-13
|y SER
|
| 952 |
|
|
|0 0
|1 0
|4 0
|7 0
|9 289900
|a LIB
|b LIB
|d 2017-08-13
|h Vol.20(8); 17-02-2016
|r 2017-08-13
|w 2017-08-13
|y SER
|
| 952 |
|
|
|0 0
|1 0
|4 0
|7 0
|9 289901
|a LIB
|b LIB
|d 2017-08-13
|h Vol.20(10); 02-03-2016
|r 2017-08-13
|w 2017-08-13
|y SER
|
| 952 |
|
|
|0 0
|1 0
|4 0
|7 0
|9 289902
|a LIB
|b LIB
|d 2017-08-13
|h Vol.20(11); 09-03-2016
|r 2017-08-13
|w 2017-08-13
|y SER
|
| 952 |
|
|
|0 0
|1 0
|4 0
|7 0
|9 289903
|a LIB
|b LIB
|d 2017-08-13
|h Vol.20(12); 16-03-2016
|r 2017-08-13
|w 2017-08-13
|y SER
|
| 952 |
|
|
|0 0
|1 0
|4 0
|7 0
|9 289904
|a LIB
|b LIB
|d 2017-08-13
|h Vol.20(14); 30-03-2016
|r 2017-08-13
|w 2017-08-13
|y SER
|
| 952 |
|
|
|0 0
|1 0
|4 0
|7 0
|9 289905
|a LIB
|b LIB
|d 2017-08-13
|h Vol.20(13); 23-03-2016
|r 2017-08-13
|w 2017-08-13
|y SER
|
| 952 |
|
|
|0 0
|1 0
|4 0
|7 0
|9 289906
|a LIB
|b LIB
|d 2017-08-13
|h Vol.20(15); 06-04-2016
|r 2017-08-13
|w 2017-08-13
|y SER
|
| 952 |
|
|
|0 0
|1 0
|4 0
|7 0
|9 289907
|a LIB
|b LIB
|d 2017-08-13
|h Vol.20(17); 20-04-2016
|r 2017-08-13
|w 2017-08-13
|y SER
|
| 952 |
|
|
|0 0
|1 0
|4 0
|7 0
|9 289908
|a LIB
|b LIB
|d 2017-08-13
|h Vol.20(19); 04-05-2016
|r 2017-08-13
|w 2017-08-13
|y SER
|
| 952 |
|
|
|0 0
|1 0
|4 0
|7 0
|9 289909
|a LIB
|b LIB
|d 2017-08-13
|h Vol.20(21); 18-05-2016
|r 2017-08-13
|w 2017-08-13
|y SER
|
| 952 |
|
|
|0 0
|1 0
|4 0
|7 0
|9 289910
|a LIB
|b LIB
|d 2017-08-13
|h Vol.20(24); 08-06-2016
|r 2017-08-13
|w 2017-08-13
|y SER
|
| 952 |
|
|
|0 0
|1 0
|4 0
|7 0
|9 289911
|a LIB
|b LIB
|d 2017-08-13
|h Vol.20(27); 29-06-2016
|r 2017-08-13
|w 2017-08-13
|y SER
|
| 952 |
|
|
|0 0
|1 0
|4 0
|7 0
|9 289912
|a LIB
|b LIB
|d 2017-08-13
|h Vol.20(28); 06-07-2016
|r 2017-08-13
|w 2017-08-13
|y SER
|
| 952 |
|
|
|0 0
|1 0
|4 0
|7 0
|9 289913
|a LIB
|b LIB
|d 2017-08-13
|h Vol.20(29); 13-07-2016
|r 2017-08-13
|w 2017-08-13
|y SER
|
| 952 |
|
|
|0 0
|1 0
|4 0
|7 0
|9 289914
|a LIB
|b LIB
|d 2017-08-13
|h Vol.20(30); 20-07-2016
|r 2017-08-13
|w 2017-08-13
|y SER
|
| 952 |
|
|
|0 0
|1 0
|4 0
|7 0
|9 289915
|a LIB
|b LIB
|d 2017-08-13
|h Vol.20(32); 03-08-2016
|r 2017-08-13
|w 2017-08-13
|y SER
|
| 952 |
|
|
|0 0
|1 0
|4 0
|7 0
|9 289916
|a LIB
|b LIB
|d 2017-08-13
|h Vol.20(33); 10-08-2016
|r 2017-08-13
|w 2017-08-13
|y SER
|
| 952 |
|
|
|0 0
|1 0
|4 0
|7 0
|9 289917
|a LIB
|b LIB
|d 2017-08-13
|h Vol.20(34); 17-08-2016
|r 2017-08-13
|w 2017-08-13
|y SER
|
| 952 |
|
|
|0 0
|1 0
|4 0
|7 0
|9 289918
|a LIB
|b LIB
|d 2017-08-13
|h Vol.20(35); 24-08-2016
|r 2017-08-13
|w 2017-08-13
|y SER
|
| 952 |
|
|
|0 0
|1 0
|4 0
|7 0
|9 289919
|a LIB
|b LIB
|d 2017-08-13
|h Vol.20(36); 31-08-2016
|r 2017-08-13
|w 2017-08-13
|y SER
|
| 952 |
|
|
|0 0
|1 0
|4 0
|7 0
|9 289920
|a LIB
|b LIB
|d 2017-08-13
|h Vol.20(38); 14-09-2016
|r 2017-08-13
|w 2017-08-13
|y SER
|
| 952 |
|
|
|0 0
|1 0
|4 0
|7 0
|9 289921
|a LIB
|b LIB
|d 2017-08-13
|h Vol.20(38); 14-09-2016
|r 2017-08-13
|w 2017-08-13
|y SER
|
| 952 |
|
|
|0 0
|1 0
|4 0
|7 0
|9 289922
|a LIB
|b LIB
|d 2017-08-13
|h Vol.20(39); 21-09-2016
|r 2017-08-13
|w 2017-08-13
|y SER
|
| 952 |
|
|
|0 0
|1 0
|4 0
|7 0
|9 289923
|a LIB
|b LIB
|d 2017-08-13
|h Vol.20(41); 05-10-2016
|r 2017-08-13
|w 2017-08-13
|y SER
|
| 952 |
|
|
|0 0
|1 0
|4 0
|7 0
|9 289924
|a LIB
|b LIB
|d 2017-08-13
|h Vol.20(45); 02-11-2016
|r 2017-08-13
|w 2017-08-13
|y SER
|
| 952 |
|
|
|0 0
|1 0
|4 0
|7 0
|9 289925
|a LIB
|b LIB
|d 2017-08-13
|h Vol.20(47); 16-11-2016
|r 2017-08-13
|w 2017-08-13
|y SER
|
| 952 |
|
|
|0 0
|1 0
|4 0
|7 0
|9 289926
|a LIB
|b LIB
|d 2017-08-13
|h Vol.20(49); 30-11-2016
|r 2017-08-13
|w 2017-08-13
|y SER
|
| 952 |
|
|
|0 0
|1 0
|4 0
|7 0
|9 289927
|a LIB
|b LIB
|d 2017-08-13
|h Vol.20(50); 07-12-2016
|r 2017-08-13
|w 2017-08-13
|y SER
|
| 952 |
|
|
|0 0
|1 0
|4 0
|7 0
|9 289928
|a LIB
|b LIB
|d 2017-08-13
|h Vol.20(52); 21-12-2016
|r 2017-08-13
|w 2017-08-13
|y SER
|
| 952 |
|
|
|0 0
|1 0
|4 0
|7 0
|9 289929
|a LIB
|b LIB
|d 2017-08-13
|h Vol.21(1); 30-12-2017
|r 2017-08-13
|w 2017-08-13
|y SER
|
| 952 |
|
|
|0 0
|1 0
|4 0
|7 0
|9 289930
|a LIB
|b LIB
|d 2017-08-13
|h Vol.21(3); 13-01-2018
|r 2017-08-13
|w 2017-08-13
|y SER
|
| 952 |
|
|
|0 0
|1 0
|4 0
|7 0
|9 289931
|a LIB
|b LIB
|d 2017-08-13
|h Vol.21(4); 20-01-2018
|r 2017-08-13
|w 2017-08-13
|y SER
|
| 952 |
|
|
|0 0
|1 0
|4 0
|7 0
|9 289932
|a LIB
|b LIB
|d 2017-08-13
|h Vol.21(5); 27-01-2018
|r 2017-08-13
|w 2017-08-13
|y SER
|
| 952 |
|
|
|0 0
|1 0
|4 0
|7 0
|9 289933
|a LIB
|b LIB
|d 2017-08-13
|h Vol.21(7); 10-02-2018
|r 2017-08-13
|w 2017-08-13
|y SER
|
| 952 |
|
|
|0 0
|1 0
|4 0
|7 0
|9 289934
|a LIB
|b LIB
|d 2017-08-13
|h Vol.21(6); 03-02-2018
|r 2017-08-13
|w 2017-08-13
|y SER
|
| 952 |
|
|
|0 0
|1 0
|4 0
|7 0
|9 289935
|a LIB
|b LIB
|d 2017-08-13
|h Vol.21(8); 17-02-2018
|r 2017-08-13
|w 2017-08-13
|y SER
|
| 952 |
|
|
|0 0
|1 0
|4 0
|7 0
|9 289936
|a LIB
|b LIB
|d 2017-08-13
|h Vol.21(9); 24-02-2018
|r 2017-08-13
|w 2017-08-13
|y SER
|
| 952 |
|
|
|0 0
|1 0
|4 0
|7 0
|9 289937
|a LIB
|b LIB
|d 2017-08-13
|h Vol.21(10); 03-03-2018
|r 2017-08-13
|w 2017-08-13
|y SER
|
| 952 |
|
|
|0 0
|1 0
|4 0
|7 0
|9 289938
|a LIB
|b LIB
|d 2017-08-13
|h Vol.21(11); 10-03-2018
|r 2017-08-13
|w 2017-08-13
|y SER
|
| 952 |
|
|
|0 0
|1 0
|4 0
|7 0
|9 289939
|a LIB
|b LIB
|d 2017-08-13
|h Vol.21(12); 17-03-2018
|r 2017-08-13
|w 2017-08-13
|y SER
|
| 952 |
|
|
|0 0
|1 0
|4 0
|7 0
|9 289940
|a LIB
|b LIB
|d 2017-08-13
|h Vol.21(13); 24-03-2018
|r 2017-08-13
|w 2017-08-13
|y SER
|
| 952 |
|
|
|0 0
|1 0
|4 0
|7 0
|9 289941
|a LIB
|b LIB
|d 2017-08-13
|h 2012
|p 296474
|r 2017-08-13
|w 2017-08-13
|x P(BV)
|y BV
|
| 952 |
|
|
|0 0
|1 0
|4 0
|7 0
|9 289942
|a LIB
|b LIB
|d 2017-08-13
|h 2010
|p 286574
|r 2017-08-13
|w 2017-08-13
|x P(BV)
|y BV
|
| 952 |
|
|
|0 0
|1 0
|4 0
|7 0
|9 289943
|a LIB
|b LIB
|d 2017-08-13
|h 2009
|p 284398
|r 2017-08-13
|w 2017-08-13
|x P(BV)
|y BV
|
| 952 |
|
|
|0 0
|1 0
|4 0
|7 0
|9 289944
|a LIB
|b LIB
|d 2017-08-13
|h 2009
|p 284390
|r 2017-08-13
|w 2017-08-13
|x P(BV)
|y BV
|
| 952 |
|
|
|0 0
|1 0
|4 0
|7 0
|9 289945
|a LIB
|b LIB
|d 2017-08-13
|h 2006
|p 273943
|r 2017-08-13
|w 2017-08-13
|x P(BV)
|y BV
|
| 952 |
|
|
|0 0
|1 0
|4 0
|7 0
|9 289946
|a LIB
|b LIB
|d 2017-08-13
|h 2005
|p 264818
|r 2017-08-13
|w 2017-08-13
|x KR
|y BV
|
| 952 |
|
|
|0 0
|1 0
|4 0
|7 0
|9 289947
|a LIB
|b LIB
|d 2017-08-13
|h 2004
|p 260957
|r 2017-08-13
|w 2017-08-13
|x KR
|y BV
|
| 952 |
|
|
|0 0
|1 0
|4 0
|7 0
|9 289948
|a LIB
|b LIB
|d 2017-08-13
|h 2003
|p 256963
|r 2017-08-13
|w 2017-08-13
|x KR
|y BV
|
| 952 |
|
|
|0 0
|1 0
|4 0
|7 0
|9 289949
|a LIB
|b LIB
|d 2017-08-13
|h 2001
|p 245831
|r 2017-08-13
|w 2017-08-13
|x KR
|y BV
|
| 952 |
|
|
|0 0
|1 0
|4 0
|7 0
|9 289950
|a LIB
|b LIB
|d 2017-08-13
|h 2000
|p 245041
|r 2017-08-13
|w 2017-08-13
|x KR
|y BV
|
| 952 |
|
|
|0 0
|1 0
|4 0
|7 0
|9 289951
|a LIB
|b LIB
|d 2017-08-13
|h 1993
|p 219022
|r 2017-08-13
|w 2017-08-13
|x KR
|y BV
|
| 952 |
|
|
|0 0
|1 0
|4 0
|7 0
|9 289952
|a LIB
|b LIB
|d 2017-08-13
|h 1993
|p 219021
|r 2017-08-13
|w 2017-08-13
|x KR
|y BV
|
| 952 |
|
|
|0 0
|1 0
|4 0
|7 0
|9 289953
|a LIB
|b LIB
|d 2017-08-13
|h 1977
|p 169180
|r 2017-08-13
|w 2017-08-13
|x KR
|y BV
|
| 952 |
|
|
|0 0
|1 0
|4 0
|7 0
|9 289954
|a LIB
|b LIB
|d 2017-08-13
|h 1976
|p 169179
|r 2017-08-13
|w 2017-08-13
|x KR
|y BV
|
| 952 |
|
|
|0 0
|1 0
|4 0
|7 0
|9 289955
|a LIB
|b LIB
|d 2017-08-13
|h 1973
|p 169178
|r 2017-08-13
|w 2017-08-13
|x KR
|y BV
|
| 952 |
|
|
|0 0
|1 0
|4 0
|7 0
|9 289956
|a LIB
|b LIB
|d 2017-08-13
|h 1972
|p 169177
|r 2017-08-13
|w 2017-08-13
|x KR
|y BV
|
| 952 |
|
|
|0 0
|1 0
|4 0
|7 0
|9 289957
|a LIB
|b LIB
|d 2017-08-13
|h 1974
|p 169176
|r 2017-08-13
|w 2017-08-13
|x KR
|y BV
|
| 952 |
|
|
|0 0
|1 0
|4 0
|7 0
|9 289958
|a LIB
|b LIB
|d 2017-08-13
|h 1973
|p 169175
|r 2017-08-13
|w 2017-08-13
|x KR
|y BV
|
| 952 |
|
|
|0 0
|1 0
|4 0
|7 0
|9 289959
|a LIB
|b LIB
|d 2017-08-13
|h 1972
|p 169174
|r 2017-08-13
|w 2017-08-13
|x KR
|y BV
|
| 952 |
|
|
|0 0
|1 0
|4 0
|7 0
|9 289960
|a LIB
|b LIB
|d 2017-08-13
|h 1971
|p 169173
|r 2017-08-13
|w 2017-08-13
|x KR
|y BV
|
| 952 |
|
|
|0 0
|1 0
|4 0
|7 0
|9 289961
|a LIB
|b LIB
|d 2017-08-13
|h 1970
|p 169172
|r 2017-08-13
|w 2017-08-13
|x KR
|y BV
|